00314nam a2200133Ia 4500008004100000020001500041041001200056082001100068100001200079245002600091260003900117300000800156650001600164221030s9999 xx 000 0 und d a9812549986 aEnglish a105.23 aG. Moss 0aCommunication Secrets bThomson LearningaSingaporec2004 a184 aMCA English